Electronic principles (Record no. 3804)

000 -LEADER
fixed length control field 00418nam a22001937a 4500
001 - CONTROL NUMBER
control field 3804
003 - CONTROL NUMBER IDENTIFIER
control field BD-DhUET
008 - FIXED-LENGTH DATA ELEMENTS--GENERAL INFORMATION
fixed length control field 0
020 ## - INTERNATIONAL STANDARD BOOK NUMBER
International Standard Book Number 007099479X
040 ## - CATALOGING SOURCE
Transcribing agency 0
Modifying agency BD-DhUET
082 ## - DEWEY DECIMAL CLASSIFICATION NUMBER
Classification number 623.81
Item number MAL/1984
100 ## - MAIN ENTRY--PERSONAL NAME
Personal name Malvino, Albert Paul
245 ## - TITLE STATEMENT
Title Electronic principles
250 ## - EDITION STATEMENT
Edition statement 3rd ed.
260 ## - PUBLICATION, DISTRIBUTION, ETC. (IMPRINT)
Place of publication, distribution, etc. New York
Name of publisher, distributor, etc. McGraw-Hill
Date of publication, distribution, etc. 1984
300 ## - PHYSICAL DESCRIPTION
Extent xiv, 754 p.
Other physical details ill.
650 #0 - SUBJECT ADDED ENTRY--TOPICAL TERM
Topical term or geographic name as entry element Electronics
942 ## - ADDED ENTRY ELEMENTS (KOHA)
Koha item type General Book
Holdings
Koha date last borrowed Koha issues (times borrowed) Damaged status Not for loan Koha date last seen Shelving location Date acquired Withdrawn status Lost status Koha full call number Koha item type Source of classification or shelving scheme Price effective from Koha normalized classification for sorting Copy number Location (home branch) Sublocation or collection (holding branch) Piece designation (barcode)
    2014-11-05Circulation section2014-11-05  623.81/MAL/1984General Book 2014-11-05623_810000000000000_MAL_19841Central Library, BUETCentral Library, BUET79623
    2014-11-05Circulation section2014-11-05  623.81/MAL/1984General Book 2014-11-05623_810000000000000_MAL_19842Central Library, BUETCentral Library, BUET79815
2021-09-073  2022-03-05Circulation section2014-11-05  623.81/MAL/1984General Book 2014-11-05623_810000000000000_MAL_19843Central Library, BUETCentral Library, BUET79813
    2014-11-05Circulation section2014-11-05  623.81/MAL/1984General Book 2014-11-05623_810000000000000_MAL_19844Central Library, BUETCentral Library, BUET79814
    2014-12-01Circulation section2014-12-01  623.81/MAL/1984General Book 2014-12-01623_810000000000000_MAL_19845Central Library, BUETCentral Library, BUET79624
    2015-02-12Circulation section2015-02-12  623.81/MAL/1984General Book 2015-02-12623_810000000000000_MAL_19846Central Library, BUETCentral Library, BUET69392
    2015-06-28Reading section2015-06-28  623.81/MAL/1984Reading Item 2015-06-28623_810000000000000_MAL_19847Central Library, BUETCentral Library, BUET76926
    2015-07-01Reading section2015-07-01  623.81/MAL/1984Reading Item 2015-07-01623_810000000000000_MAL_19848Central Library, BUETCentral Library, BUET64232
    2015-07-01Reading section2015-07-01  623.81/MAL/1984Reading Item 2015-07-01623_810000000000000_MAL_19849Central Library, BUETCentral Library, BUET64233